Central Library OPAC University of Rajshahi

People and the environment : (Record no. 59948)

MARC details
000 -LEADER
fixed length control field 01400nam a2200289 a 4500
001 - CONTROL NUMBER
control field 59948
003 - CONTROL NUMBER IDENTIFIER
rucl marc code BD-RjUL
005 - DATE AND TIME OF LATEST TRANSACTION
control field 20211209080804.0
008 - FIXED-LENGTH DATA ELEMENTS--GENERAL INFORMATION
fixed length control field 161228s1994 enkc b 101 0 eng d
020 ## - INTERNATIONAL STANDARD BOOK NUMBER
International Standard Book Number 0851431453 (pbk) :
Terms of availability £14.50
035 ## - SYSTEM CONTROL NUMBER
System control number (BD-RjUL)60072
040 ## - CATALOGING SOURCE
Original cataloging agency Uk
Transcribing agency Uk
Modifying agency BD-RjUL
Language of cataloging eng
041 ## - LANGUAGE CODE
Language code of text/sound track or separate title eng
082 00 - DEWEY DECIMAL CLASSIFICATION NUMBER
Classification number 363.7
Edition number 23
Author mark and year PEO 1991
111 2# - MAIN ENTRY--MEETING NAME
Meeting name or jurisdiction name as entry element Congress of the Universities of the Commonwealth
Number of part/section/meeting (15th :
Date of meeting 1993 :
Location of meeting Swansea, Wales)
9 (RLIN) 178345
245 10 - TITLE STATEMENT
Title People and the environment :
Remainder of title preserving the balance : the report of proceedings of the Fifteenth Congress of the Universities of the Commonwealth, Swansea, August 1993 : including keynote address by Sir John Houghton, Chairman of the Royal Commission on Environmental Pollution /
Statement of responsibility, etc. [editor of congress proceedings Eileen A. Archer].
260 ## - PUBLICATION, DISTRIBUTION, ETC. (IMPRINT)
Place of publication, distribution, etc. London :
Name of publisher, distributor, etc. Association of Commonwealth Universities,
Date of publication, distribution, etc. 1991.
300 ## - PHYSICAL DESCRIPTION
Pagination 452 p. :
Illustrations ports. ;
Size 24 cm.
504 ## - BIBLIOGRAPHY, ETC. NOTE
Bibliography, etc Includes bibliographical references and index.
650 #0 - SUBJECT ADDED ENTRY--TOPICAL TERM
Topical term or geographic name as entry element Environmental policy
Geographic subdivision Commonwealth of Nations
General subdivision Congresses.
9 (RLIN) 178322
Topical term or geographic name as entry element Environmental policy
Geographic subdivision Developing countries
General subdivision Congresses.
9 (RLIN) 178323
Topical term or geographic name as entry element Universities and colleges
Geographic subdivision Commonwealth of Nations
General subdivision Congresses.
9 (RLIN) 178324
700 1# - ADDED ENTRY--PERSONAL NAME
Personal name Archer, Eileen A.
710 2# - ADDED ENTRY--CORPORATE NAME
Corporate name or jurisdiction name as entry element Association of Commonwealth Universities.
9 (RLIN) 178326
942 ## - ADDED ENTRY ELEMENTS (KOHA)
Source of classification or shelving scheme Dewey Decimal Classification
Koha item type Books
Holdings
Lost status Source of classification or shelving scheme Damaged status Not for loan Collection code Permanent Location Current Location Shelving location Date acquired Source of acquisition Cost, normal purchase price Total Checkouts Full call number Date last seen Copy number Koha item type
  Dewey Decimal Classification   Not For Loan Non-fiction Central Library, University of Rajshahi Central Library, University of Rajshahi Reading Room 10/04/2011 dhaka, paragon Enterprice ltd. 450.00   363.7 PEO 1993 28/12/2016 C-1 Books